Statistics for Top 35 DC Superheroes

Click here to take the quiz!

General Stats

  • This quiz has been taken 70 times
  • The average score is 21 of 35

Answer Stats

Answer% Correct
Batman
100%
Superman
100%
Flash
98%
Wonder Woman
97%
Cyborg
91%
Green Lantern
86%
Robin
86%
Aquaman
83%
Green Arrow
83%
Batgirl
74%
Nightwing
72%
Raven
72%
Starfire
71%
Supergirl
71%
Beast Boy
67%
Martian Manhunter
67%
Black Canary
64%
Hawkman
64%
Hawkgirl
62%
Shazam
57%
Captain Atom
50%
Superboy
50%
Blue Beetle
47%
Batwoman
43%
Atom
38%
Plastic Man
36%
Red Hood
33%
Zatanna
33%
Red Tornado
31%
Dr. Fate
29%
Booster Gold
26%
John Constantine
26%
Elongated Man
16%
Firestorm
16%
Steel
12%

Score Distribution

Percentile by Number Answered

Percent of People with Each Score

Your Score History

You have not taken this quiz